000 00395nam a2200145Ia 4500
008 240729s9999 xx 000 0 und d
022 _a2616-9827
245 0 _aRwanda Journal of Medicine and Health Sciences
260 _aRwanda
260 _bUniversity of Rwanda
650 _aMedicine
856 _uhttps://doaj.org/toc/e1ab945ba95f460db8d5cd9da5f48102
942 _2ddc
942 _cDOAJEJ
999 _c72389
_d72389
945 _a1
_bMadushi Gamage
_c1
_dMadushi Gamage